Aportes al estudio de las relaciones entre memoria episódica y teoría de la mente (Record no. 207810)

MARC details
000 -CABECERA
campo de control de longitud fija 02424cab a2200289 a 4500
005 - FECHA Y HORA DE LA ÚLTIMA TRANSACCIÓN
campo de control 20220817082622.0
008 - ELEMENTOS DE LONGITUD FIJA--INFORMACIÓN GENERAL
campo de control de longitud fija 991125c2020 ag zr p o 000 0 spa d
035 ## - NÚMERO DE CONTROL DEL SISTEMA
Número de control de sistema UPN01000235715
040 ## - FUENTE DE LA CATALOGACIÓN
Centro catalogador/agencia de origen MX-MxUPN
Lengua de catalogación spa
Normas de descripción aacr2
049 ## - COLECCIÓN
Colección ART-E
100 1# - ASIENTO PRINCIPAL--NOMBRE PERSONAL
Nombre de persona Aguilar, María José
100 1# - ASIENTO PRINCIPAL--NOMBRE PERSONAL
Nombre de persona Agulla, Lucía
100 1# - ASIENTO PRINCIPAL--NOMBRE PERSONAL
Nombre de persona Said, Andrea
100 1# - ASIENTO PRINCIPAL--NOMBRE PERSONAL
Nombre de persona López, Marcela
245 00 - MENCIÓN DE TÍTULO
Título Aportes al estudio de las relaciones entre memoria episódica y teoría de la mente
Medio [recurso electrónico en línea]
506 0# - NOTA DE RESTRICCIONES AL ACCESO
Limitaciones de acceso Acceso abierto
520 3# - NOTA DE RESUMEN, ETC.
Sumario, etc. La teoría de la mente emerge en el desarrollo con anterioridad a la memoria episódica, posibilitando a través de la capacidad de metarrepresentación el desdoblamiento y viaje mental que ella misma implica. Para la evaluación de los procesos se administraron las Historias Extrañas de Happé, el Test de las miradas, el Test de Aprendizaje Verbal España-Complutense y una tarea experimental a 20 mujeres con diagnóstico de Síndrome de Turner y sus respectivos controles. Los resultados indican dificultades en ambos procesos cognitivos y correlaciones entre la teoría de la mente e indicadores de memoria episódica de contenido y de la fuente. Se hipotetiza que la anatomía cerebral atípica, propia de esta población, traería problemas en el desarrollo de la teoría de la mente y esto, a su vez, podría asociarse con dificultades en los mecanismos de metarrepresentación y reexperimentación subjetiva de vivencias que la memoria episódica implica. Los resultados obtenidos permiten una mayor comprensión del perfil neuropsicológico de las mujeres con diagnóstico de Síndrome de Turner y podrían servir de insumo teórico para el diseño de estrategias clínicas y psicoeducativas que tiendan a fomentar, en esta población, las habilidades de teoría de la mente y memoria episódica.
650 #4 - ASIENTO SECUNDARIO DE MATERIA - TERMINO TEMATICO
9 (RLIN) 14926
Término de materia o nombre geográfico como elemento de entrada TEORIA DE LA IDENTIDAD MENTE-CEREBRO
653 0# - TERMINO DE INDIZACION - NO CONTROLADO
Término no controlado Memoria episódica
653 0# - TERMINO DE INDIZACION - NO CONTROLADO
Término no controlado Perfil neuropsicológico
653 0# - TERMINO DE INDIZACION - NO CONTROLADO
Término no controlado Síndrome de Turner
773 ## - ENLACE AL DOCUMENTO FUENTE/ENTRADA DE REGISTRO ANFITRIÓN
Parte(s) relacionada(s) Vol. 37, no. 1 (2020) p. 175-190
Título Interdisciplinaria : revista de psicología y ciencias afines
Número Internacional Normalizado para Publicaciones Seriadas 1668-7027
856 40 - LOCALIZACIÓN Y ACCESO ELECTRÓNICOS
Identificador Uniforme del Recurso <a href="http://www.ciipme-conicet.gov.ar/ojs/index.php?journal=interdisciplinaria&page=article&op=view&path%5B%5D=397&path%5B%5D=html">http://www.ciipme-conicet.gov.ar/ojs/index.php?journal=interdisciplinaria&page=article&op=view&path%5B%5D=397&path%5B%5D=html</a>
856 40 - LOCALIZACIÓN Y ACCESO ELECTRÓNICOS
Identificador Uniforme del Recurso <a href="https://doi.org/10.16888/interd.2020.37.1.11">https://doi.org/10.16888/interd.2020.37.1.11</a>
Nota pública Consultar articulo completo
905 ## - TIPO DE MATERIAL
Tipo de material Articulo
942 ## - ELEMENTOS DE PUNTO DE ACCESO ADICIONAL (KOHA)
Tipo de ítem Koha Artículo Electrónico
Holdings
Estado de retiro Estado de pérdida Estado dañado No para préstamo Código de colección Localización permanente Ubicación/localización actual Ubicación en estantería Fecha de adquisición Fecha visto por última vez Identificador Uniforme del Recurso Tipo de ítem Koha
        Acceso abierto Bib. Gregorio Torres Quintero Bib. Gregorio Torres Quintero En línea 17/08/2022 17/08/2022 https://doi.org/10.16888/interd.2020.37.1.11 Artículo Electrónico